00310nam a2200121 a 450000100080000000500110000800800410001910000210006024500430008126000330012430000140015765300170017110012461995-10-23 1988 bl uuuu u0uu1 u #d1 aROSA, A.B. de F. aGuia pratico para a criacao de peixes. aBrasilia, DF: CODEVASFc1988 a28p.cil. aPISCICULTURA